OON i meždunarodnoje naučno-techničeskoje sotrudničestvo

Na minha lista:
Detalhes bibliográficos
Autor principal: Markušina, Vera Ivanovna
Formato: Livro
Idioma:russo
Publicado em: Moskva Nauka 1983
Tags: Adicionar Tag
Sem tags, seja o primeiro a adicionar uma tag!

MARC

LEADER 00000nam a2200000 4500
001 c115414
005 20041019155201.3
041 0 |a rus 
044 |a RU 
245 1 0 |a OON i meždunarodnoje naučno-techničeskoje sotrudničestvo  |c Vera Ivanovna Markušina 
264 1 |a Moskva  |b Nauka  |c 1983 
300 |a 222 s. 
100 1 |a Markušina, Vera Ivanovna